Setting up and running a school garden : (Record no. 15058)

000 -LEADER
fixed length control field 00677nam a2200181 a 4500
020 ## - INTERNATIONAL STANDARD BOOK NUMBER
ISBN 9251054088
040 ## - CATALOGING SOURCE
Transcribing agency FUG
082 ## - DEWEY DECIMAL CLASSIFICATION NUMBER
Classification number 372 FOO 2005 A073 Or.
245 00 - TITLE STATEMENT
Title Setting up and running a school garden :
Remainder of title a manual for teachers, parents and communities /
260 ## - PUBLICATION, DISTRIBUTION, ETC. (IMPRINT)
Place of publication Rome :
Name of publisher Food and Agriculture Organization of the United Nations,
Year of publication 2005
300 ## - PHYSICAL DESCRIPTION
Number of Pages x, 198 p. :
Other physical details ill. (some col.) ;
Dimensions 30 cm
500 ## - GENERAL NOTE
General note "Promoting lifelong healthy eating habits"--Cover
650 #0 - SUBJECT ADDED ENTRY--TOPICAL TERM
Topical Term School gardens
650 #0 - SUBJECT ADDED ENTRY--TOPICAL TERM
Topical Term Nutrition
710 2# - ADDED ENTRY--CORPORATE NAME
Corporate name or jurisdiction name as entry element Food and Agriculture Organization of the United Nations.
710 2# - ADDED ENTRY--CORPORATE NAME
Corporate name or jurisdiction name as entry element Food and Agriculture Organization of the United Nations.
942 ## - ADDED ENTRY ELEMENTS (KOHA)
Koha item type សៀវភៅភាសាអង់គ្លេស
952 ## - LOCATION AND ITEM INFORMATION (KOHA)
Withdrawn status [LOCAL, KOHA] 0
Holdings
Permanent Location Date acquired Koha item type Lost status Shelving location Barcode Current Location Full call number
Library Block A2017-11-02សៀវភៅភាសាអង់គ្លេស A073RUA059869Library Block A372 FOO 2005 A073 Or.
មជ្ឈមណ្ឌលឯការនៃសាកលវិទ្យាល័យភូមិន្ទកសិកម្មចំការដូង

Powered by Koha